Macedonian livestock, dairy and grain sectors and the EU accession impact

Guardado en:
Detalles Bibliográficos
Autor principal: Kotevska, Ana
Otros Autores: Dimitriveski, Dragi, Erjavec, Emil
Formato: Capítulo de libro
Lenguaje:inglés
Materias:
Etiquetas: Agregar Etiqueta
Sin Etiquetas, Sea el primero en etiquetar este registro!

MARC

LEADER 00000naa a2200000 4500
001 0174079
005 20231211070939.0
041 0 |a eng 
044 |a CZ 
245 1 0 |a Macedonian livestock, dairy and grain sectors and the EU accession impact  |c Ana Kotevska, Dragi Dimitriveski, Emil Erjavec 
610 2 0 |a sektory hospodárske 
610 2 0 |a poľnohospodárstvo 
610 2 0 |a Macedónsko 
610 2 0 |a Európska únia 
100 1 |a Kotevska, Ana 
700 1 |a Dimitriveski, Dragi 
700 1 |a Erjavec, Emil